El tesoro escondido: una propuesta nueva para abordar la catequesis familiar. Segundo año

محفوظ في:
التفاصيل البيبلوغرافية
المؤلف الرئيسي: Vignoli, Juan Carlos (مؤلف)
التنسيق: كتاب
اللغة:الإسبانية
منشور في: Buenos Aires PPC 2015
الطبعة:1a. ed
سلاسل:Libro del Animador Catequista
الموضوعات:
الوسوم: إضافة وسم
لا توجد وسوم, كن أول من يضع وسما على هذه التسجيلة!

MARC

LEADER 00000cam a2200000 a 4500
001 UCC3533
003 CL-VaPUC
008 180527e20150000ag |||||||||||||||||spa|d
020 |a 9789877400373 
082 0 4 |a 268.4  |b VIG  |2 21 
100 0 |a Vignoli, Juan Carlos  |e author  |9 597559 
245 1 3 |a El tesoro escondido: una propuesta nueva para abordar la catequesis familiar. Segundo año 
250 |a 1a. ed 
300 |a 173 p 
942 |c BK 
945 |d 20180527 18:33:00  |a dcastane 
260 |a Buenos Aires  |b PPC  |c 2015 
650 7 |a CATEQUESIS FAMILIAR  |2 CL-VaPUC  |9 481682 
650 7 |a CATEQUISTAS  |2 CL-VaPUC  |9 481683 
583 |a last modification  |c 20180527 18:33:00  |k Rodrigo Vera 
490 0 |a Libro del Animador Catequista 
999 |c 371231  |d 371229 
952 |0 0  |1 0  |3 erb  |4 0  |6 268_400000000000000_VIG_2015  |7 0  |8 A  |9 488160  |a BIBTEO  |b BIBTEO  |i 5472776  |o 268.4 VIG 2015  |p 5472776  |r 2025-01-17  |w 2019-11-24  |y BK  |z Catalogado en:20180527  |k ICR